01383cam a22003377a 4500003000500000005001700005008004100022010001000063011001000073035001000083040000900093090001000102100003700112245018200149260004000331300001000371502010500381590003700486590004100523590004100564590004100605590004200646650003300688650006400721710005700785901000700842942001000849949004200859999001700901952012700918CHAP20220329141511.0971013s1986 r 00010 d a69151 a70123 a79603 cCHAP aTesis00aFlores Bautista, Nereida.941451 0aEvaluación financiera del cultivo del crisantemo (Crisantemum spp.) en la Cooperativa Agropecuaria 'Altmella' Sta. Catarina del Monte, Municipio de Texcoco, Estado de México aChapingo, Méx. :bEl autor,c1986 a61 h. aTesis (Ing. Agrónomo esp. en Economía Agrícola) -- UACH. Departamento de Economía Agrícola aALEPHb10c20130110lUCH01h1407 aBATCH-UPDb10c20130110lUCH01h0832 aBATCH-UPDb10c20130410lUCH01h0510 aBATCH-UPDb10c20130914lUCH01h1058 aCONVERSIONb10c20130109lUCH01h133814aCrisantemoxMercadeo.92895914aFloriculturaxAspectos económicosxMéxico (Edo.)9418250 aUACH. Departamento de Economía Agrícola.9115862 aBK cTESIS bBCcTESd-32492eTS1h21544i79603si c69151d69151 00102local4051708TESISaBCbBCcPA_TESISd2019-12-31fTESISl0oTesisp-32492r2019-12-31 00:00:00w2019-12-31yTESIS